L'école et les sciences (notice n° 1936260)

détails MARC
000 -LEADER
fixed length control field 00884cam a2200133 4500500
005 - DATE AND TIME OF LATEST TRANSACTION
control field 20260329024810.0
041 ## - LANGUAGE CODE
Language code of text/sound track or separate title fre
042 ## - AUTHENTICATION CODE
Authentication code dc
100 10 - MAIN ENTRY--PERSONAL NAME
Personal name Lombard, Jean
Relator term author
245 00 - TITLE STATEMENT
Title L'école et les sciences
260 ## - PUBLICATION, DISTRIBUTION, ETC.
Name of publisher, distributor, etc. L'Harmattan,<br/>
Date of publication, distribution, etc. 2005.<br/>
520 ## - SUMMARY, ETC.
Summary, etc. Six études de Bruno Barthelmé, Charles Coutel, Bernard Jolibert, Jean Lechat, Yves Lorvellec et Bernard Vandewalle réexaminent, à partir des pratiques pédagogiques actuelles et des idéaux qui les fondent, les conditions et les enjeux de l'accès scolaire au savoir scientifique, les apports de la philosophie à ce débat fondateur, la "contre-révolution épistémologique" qui fait de la science elle-même un obstacle, l'idée, essentielle mais souvent malmenée, de culture scientifique.
856 41 - ELECTRONIC LOCATION AND ACCESS
Uniform Resource Identifier <a href="https://shs.cairn.info/L-ecole-et-les-sciences--9782747590174?lang=fr&redirect-ssocas=7080">https://shs.cairn.info/L-ecole-et-les-sciences--9782747590174?lang=fr&redirect-ssocas=7080</a>

Pas d'exemplaire disponible.

PLUDOC

PLUDOC est la plateforme unique et centralisée de gestion des bibliothèques physiques et numériques de Guinée administré par le CEDUST. Elle est la plus grande base de données de ressources documentaires pour les Étudiants, Enseignants chercheurs et Chercheurs de Guinée.

Adresse

627 919 101/664 919 101

25 boulevard du commerce
Kaloum, Conakry, Guinée

Réseaux sociaux

Powered by Netsen Group @ 2025